Central Library OPAC University of Rajshahi

Morals in evolution : (Record no. 56668)

MARC details
000 -LEADER
fixed length control field 00690nam a2200217 a 4500
001 - CONTROL NUMBER
control field 56668
003 - CONTROL NUMBER IDENTIFIER
rucl marc code BD-RJUL
005 - DATE AND TIME OF LATEST TRANSACTION
control field 20211209080424.0
008 - FIXED-LENGTH DATA ELEMENTS--GENERAL INFORMATION
fixed length control field 161203s1915 xx 000 0 eng d
035 ## - SYSTEM CONTROL NUMBER
System control number BD-RJUL 56792
040 ## - CATALOGING SOURCE
Original cataloging agency APL
Transcribing agency APL
Modifying agency m.c
Language of cataloging eng
041 ## - LANGUAGE CODE
Language code of text/sound track or separate title eng
082 ## - DEWEY DECIMAL CLASSIFICATION NUMBER
Edition number 23
Classification number 170
Author mark and year HOM 1915
100 1# - MAIN ENTRY--PERSONAL NAME
Personal name Hobhouse, L. T.
Fuller form of name (Leonard Trelawny),
Dates associated with a name 1864-1929.
9 (RLIN) 168544
245 10 - TITLE STATEMENT
Title Morals in evolution :
Remainder of title a study in comparative ethics /
Statement of responsibility, etc. With a new introd. by Morris Ginsberg
260 ## - PUBLICATION, DISTRIBUTION, ETC. (IMPRINT)
Place of publication, distribution, etc. London :
Name of publisher, distributor, etc. Chapman & Hall,
Date of publication, distribution, etc. 1915
300 ## - PHYSICAL DESCRIPTION
Pagination 648 p. ;
Size 21 cm.
500 ## - GENERAL NOTE
General note "First published in 2 v., 1906; in one volume, 1915."
650 ## - SUBJECT ADDED ENTRY--TOPICAL TERM
Topical term or geographic name as entry element Ethics
9 (RLIN) 168545
942 ## - ADDED ENTRY ELEMENTS (KOHA)
Source of classification or shelving scheme Dewey Decimal Classification
Koha item type Books
Holdings
Lost status Source of classification or shelving scheme Damaged status Not for loan Collection code Permanent Location Current Location Shelving location Date acquired Source of acquisition Cost, normal purchase price Total Checkouts Full call number Date last seen Copy number Koha item type
  Dewey Decimal Classification   Not For Loan Non-fiction Central Library, University of Rajshahi Central Library, University of Rajshahi Reading Room 13/11/1956 B.H. Blackwell 12.60   170 HOM 1915 03/12/2016 C-1 Books